Daffodil Lyrics (Florence + the Machine) - Statistics

General Stats
  • This quiz has been taken 44 times
  • The average score is 165 of 228
Answer Stats
Answer % Correct
a
100%
A
100%
I
100%
Daffodil
94%
in
94%
of
94%
The
94%
the
94%
face
88%
Saw
88%
and
82%
And
82%
be
82%
future
82%
I'm
82%
is
82%
my
82%
no
82%
that
82%
to
82%
To
82%
bad,
76%
could
76%
every
76%
good
76%
it,
76%
it
76%
Made
76%
myself
76%
We
76%
drank
71%
me
71%
mythical,
71%
mythical
71%
not
71%
sky
71%
so
71%
There
71%
there
71%
this
71%
tried
71%
begin
65%
birds
65%
can
65%
couldn't
65%
get
65%
help
65%
oh
65%
on
65%
ooh,
65%
real
65%
see
65%
all
59%
blood
59%
don't
59%
drunken
59%
far
59%
let
59%
never
59%
she
59%
Sometimes,
59%
spring
59%
think
59%
would
59%
beauty
53%
by
53%
come
53%
cope
53%
cry
53%
has
53%
joke
53%
much
53%
one
53%
our
53%
out
53%
sing,
53%
start
53%
tell
53%
thought
53%
yes,
53%
chosen
47%
generation
47%
heart
47%
helpless
47%
kiss
47%
moonlight
47%
skin
47%
somewhat
47%
teeth
47%
under
47%
We're
47%
yet,
47%
You're
47%
dead
41%
English
41%
grief
41%
hanging
41%
night
41%
perfect
41%
Raising
41%
sun,
41%
tired,
41%
tired
41%
world
41%
bent
35%
from
35%
optimism
35%
resurrection
35%
Worn
35%
pearl
29%
scar
29%
soaked
29%
weeping
29%
double
24%
drying
24%
practise
24%
hung
18%
gloaming,
12%
No matching quizzes found
Score Distribution
Percent of People with Each Score
Percentile by Number Answered
Your Score History
You have not taken this quiz